LEADER 01317nam 2200373 450 001 000016467 005 20050718115600.0 010 $a0-471-57019-2 100 $a20030911d1986----km-y0itay0103----ba 101 0 $aeng 102 $aUS 200 1 $aElementary differential equations and boundary value problems$fWilliam E. Boyce, Richard C. Di Prima 205 $a5. ed. 210 $aNew York [etc.]$cWiley$dc1986 215 $aXV, 680 p.$d24 cm. 606 $aEquazioni differenziali 676 $a515.35$v(21. ed.)$9Equazioni differenziali 691 $a35-XX$9Partial differential equations 700 1$aBoyce,$bWilliam E.$021345 701 1$aDi Prima,$bRichard C.$0368093 801 0$aIT$bUniversità della Basilicata - B.I.A.$gRICA$2unimarc 912 $a000016467 996 $aElementary differential equations and boundary value problems$982410 997 $aUNIBAS BAS $aMONSCI BAS $aSCIENZE CAT $aEXT002$b01$c20030911$lBAS01$h1522 CAT $c20050601$lBAS01$h1755 CAT $abatch$b01$c20050718$lBAS01$h1053 CAT $c20050718$lBAS01$h1112 CAT $c20050718$lBAS01$h1142 CAT $c20050718$lBAS01$h1156 FMT Z30 -1$lBAS01$LBAS01$mBOOK$1BASA5$ADipartimento Matematica$2GEN$BCollezione generale$3MAT$62419$5M2419$820030911$f51$FRiservati